[Event "V Campeonato de España de Selecciones Au"]
[Site "Tossa de Mar"]
[Date "2010.05.01"]
[Round "4"]
[White "Gallardo Garcia, Andres"]
[Black "Alonso Rosell, Alvar"]
[Result "0-1"]
[WhiteElo "2412"]
[BlackElo "2509"]
[PlyCount "104"]
[EventDate "2010.04.29"]
[EventType "team"]
[EventRounds "6"]
[EventCountry "ESP"]
[WhiteTeam "Madrid"]
[BlackTeam "Catalunya A"]

1. e4 c6 2. d3 d5 3. Nd2 g6 4. Ngf3 Bg7 5. g3 e5 6. Bg2 Ne7 7. O-O O-O 8. b4 a5
9. bxa5 Qxa5 10. Bb2 Nd7 11. Qe2 d4 12. Nb3 Qc7 13. c3 dxc3 14. Bxc3 c5 15.
Rfc1 Nc6 16. a4 b6 17. Bd2 Ba6 18. a5 Nxa5 19. Bxa5 bxa5 20. Rxa5 Rfb8 21. Nfd2
Bh6 22. Rca1 Bxd2 23. Qxd2 c4 24. Nc1 c3 25. Qe3 Rb1 26. Rxb1 Qxa5 27. Ne2 Nc5
28. Nxc3 Bxd3 29. Rc1 Nb3 30. Rd1 Qxc3 31. Qxd3 Qb2 32. Rb1 Ra1 33. Rxa1 Qxa1+
34. Bf1 Nd4 35. Qe3 Kg7 36. h4 h6 37. Kg2 Nc2 38. Qe2 Qc1 39. Kh2 Nd4 40. Qd3
g5 41. hxg5 hxg5 42. Bh3 Qe1 43. Kg2 Ne2 44. Qe3 Qg1+ 45. Kf3 Nd4+ 46. Kg4 f6
47. Qd2 Qh1 48. Qe3 Qd1+ 49. f3 Qa4 50. Bg2 Qd7+ 51. Kh5 Ne6 52. Bf1 Kh7 0-1

[Event "V Campeonato de España de Selecciones Au"]
[Site "Tossa de Mar"]
[Date "2010.05.01"]
[Round "4"]
[White "Llaneza Vega, Patricia"]
[Black "Collado Barbas, Laura"]
[Result "1-0"]
[WhiteElo "2277"]
[BlackElo "2055"]
[PlyCount "57"]
[EventDate "2010.04.29"]
[EventType "team"]
[EventRounds "6"]
[EventCountry "ESP"]
[WhiteTeam "Catalunya A"]
[BlackTeam "Madrid"]

1. e4 e6 2. d4 d5 3. Nc3 Nc6 4. e5 f6 5. Bb5 Bd7 6. Nf3 Qe7 7. O-O O-O-O 8.
exf6 gxf6 9. Bf4 Qf7 10. Bd3 Nce7 11. a4 c6 12. Qd2 Ng6 13. Bxg6 hxg6 14. Nb5
cxb5 15. Qc3+ Bc6 16. axb5 Bd6 17. Bxd6 Rxd6 18. Rxa7 Qc7 19. bxc6 Rxc6 20. Qb4
Rd6 21. Rxb7 Qxb7 22. Qxd6 Qd7 23. Qf8+ Qd8 24. Qg7 Ne7 25. Qxf6 Nc6 26. Qxe6+
Kc7 27. Re1 Rg8 28. c4 dxc4 29. Qxc4 1-0

[Event "V Campeonato de España de Selecciones Au"]
[Site "Tossa de Mar"]
[Date "2010.05.01"]
[Round "4"]
[White "Salgado Lopez, Ivan"]
[Black "Gomez Esteban, Juan Mario"]
[Result "1-0"]
[WhiteElo "2592"]
[BlackElo "2490"]
[PlyCount "85"]
[EventDate "2010.04.29"]
[EventType "team"]
[EventRounds "6"]
[EventCountry "ESP"]
[WhiteTeam "Galicia"]
[BlackTeam "Euskadi"]

1. d4 d5 2. c4 dxc4 3. e4 Nf6 4. e5 Nd5 5. Bxc4 Nb6 6. Bd3 Nc6 7. Be3 Be6 8.
Nc3 Bc4 9. Nf3 Bxd3 10. Qxd3 e6 11. O-O Nb4 12. Qe4 N4d5 13. Qg4 Qd7 14. Ne4
Nc4 15. Bg5 h6 16. b3 Na3 17. Bd2 b6 18. Rac1 a5 19. Nc3 O-O-O 20. Qh5 g6 21.
Qh4 Nxc3 22. Bxc3 Nb5 23. Bb2 Be7 24. Qf4 g5 25. Qxf7 g4 26. Ne1 Bg5 27. Qxd7+
Rxd7 28. Rc4 Rhd8 29. Nc2 Kb7 30. g3 c6 31. h4 Be7 32. h5 c5 33. dxc5 Bxc5 34.
Bc1 Nd4 35. Nxd4 Rxd4 36. Rxd4 Bxd4 37. Kg2 Rf8 38. f3 gxf3+ 39. Rxf3 Rh8 40.
Rf6 Bxe5 41. Rxe6 Bc7 42. Bxh6 Rd8 43. Be3 1-0

[Event "V Campeonato de España de Selecciones Au"]
[Site "Tossa de Mar"]
[Date "2010.05.01"]
[Round "4"]
[White "Franco Alonso, Alejandro"]
[Black "Pena Gomez, Manuel"]
[Result "1-0"]
[WhiteElo "2472"]
[BlackElo "2432"]
[PlyCount "105"]
[EventDate "2010.04.29"]
[EventType "team"]
[EventRounds "6"]
[EventCountry "ESP"]
[WhiteTeam "Euskadi"]
[BlackTeam "Galicia"]

1. d4 Nf6 2. c4 c5 3. d5 e6 4. Nc3 exd5 5. cxd5 d6 6. Nf3 g6 7. Qa4+ Bd7 8. Qb3
b5 9. Nxb5 Bxb5 10. Qxb5+ Nbd7 11. g3 Bg7 12. Bg2 Rb8 13. Qd3 O-O 14. O-O Qc7
15. Rd1 Rfe8 16. Nd2 Rb4 17. Nc4 Nb6 18. Ne3 Na4 19. Rb1 Nd7 20. Qc2 Reb8 21.
a3 Rb3 22. Rd3 Rxd3 23. exd3 Qa5 24. Nc4 Qa6 25. Nxd6 Nxb2 26. Nc4 Nxc4 27.
Rxb8+ Nxb8 28. Qxc4 Qb6 29. Be3 Nd7 30. Qa4 Qb1+ 31. Bf1 Qb7 32. Qc6 Qxc6 33.
dxc6 Nb6 34. Bxc5 Be5 35. Bg2 Bc7 36. d4 f5 37. d5 Nc8 38. Bf1 a5 39. Ba6 Nd6
40. Bd3 Kf7 41. f4 Ke7 42. Kf2 Kf7 43. Ke3 Ke7 44. Kd4 Kd8 45. a4 Kc8 46. h3
Ne8 47. Be7 Bd6 48. Bxd6 Nxd6 49. Ke5 Kc7 50. g4 fxg4 51. hxg4 Nf7+ 52. Ke6 Nd6
53. f5 1-0

[Event "V Campeonato de España de Selecciones Au"]
[Site "Tossa de Mar"]
[Date "2010.05.01"]
[Round "4"]
[White "Astasio Lopez, David"]
[Black "Sanchez Aller, Fernando"]
[Result "1-0"]
[WhiteElo "2303"]
[BlackElo "2290"]
[PlyCount "81"]
[EventDate "2010.04.29"]
[EventType "team"]
[EventRounds "6"]
[EventCountry "ESP"]
[WhiteTeam "Euskadi"]
[BlackTeam "Galicia"]

1. d4 Nf6 2. Nf3 e6 3. Nbd2 d5 4. e3 c5 5. c3 Nc6 6. Bd3 Be7 7. O-O Qc7 8. Qe2
O-O 9. dxc5 Bxc5 10. e4 Ng4 11. Bb1 d4 12. h3 Nge5 13. Nxe5 Nxe5 14. cxd4 Bxd4
15. Nb3 Nc6 16. Qc2 Bb6 17. e5 g6 18. Bh6 Re8 19. Bf4 Nxe5 20. Qe2 f6 21. Bd3
Qg7 22. Bxe5 fxe5 23. Rac1 Bd7 24. Be4 Rab8 25. Nc5 a6 26. Rfd1 Bb5 27. Qg4 Qf6
28. Rd6 Bxc5 29. Rxc5 Re7 30. a4 Be8 31. Qg3 Qf4 32. Qd3 b6 33. Rc4 b5 34. Rc2
bxa4 35. g3 Qh6 36. Rd8 Rxd8 37. Qxd8 Qg5 38. Bc6 a3 39. bxa3 Qf6 40. Bxe8 e4
41. Bxg6+ 1-0

[Event "V Campeonato de España de Selecciones Au"]
[Site "Tossa de Mar"]
[Date "2010.05.01"]
[Round "4"]
[White "Villar Perez, Samuel"]
[Black "Munoz Perez, Miriam"]
[Result "1-0"]
[WhiteElo "2086"]
[BlackElo "2064"]
[PlyCount "115"]
[EventDate "2010.04.29"]
[EventType "team"]
[EventRounds "6"]
[EventCountry "ESP"]
[WhiteTeam "Galicia"]
[BlackTeam "Euskadi"]

1. d4 Nf6 2. Nf3 g6 3. c4 d6 4. g3 Bg7 5. Bg2 O-O 6. O-O Nbd7 7. Nc3 c6 8. e4
e5 9. h3 Qc7 10. Be3 Re8 11. Re1 Nf8 12. Qc2 Ne6 13. d5 cxd5 14. cxd5 Nf8 15.
Rac1 Qa5 16. Nd2 Bd7 17. Nc4 Qc7 18. Qb3 Rec8 19. Nb1 Qb8 20. Qb4 Ne8 21. Nba3
h5 22. Nb5 Bxb5 23. Qxb5 Rd8 24. Na5 a6 25. Qb4 Rc8 26. Rxc8 Qxc8 27. Nc4 Nd7
28. Rc1 Qb8 29. h4 Bf8 30. Bh3 Nc5 31. Nxe5 a5 32. Qc4 b5 33. Qc2 Nf6 34. Nc6
Qe8 35. f3 Nxd5 36. Bxc5 dxc5 37. exd5 Qe3+ 38. Kg2 Bd6 39. Rd1 Re8 40. Qf2 Qe2
41. Rd2 Qc4 42. Bd7 Ra8 43. b3 Qc1 44. Qe2 a4 45. bxa4 Rxa4 46. Nd8 Kg7 47. Rc2
Qb1 48. Rb2 Qa1 49. Bxb5 Rd4 50. Rd2 Rxd2 51. Qxd2 Be5 52. Bf1 Bc3 53. Qe2 Be5
54. Nc6 Bd6 55. Qd2 c4 56. Bxc4 Bc5 57. Bf1 Qf6 58. d6 1-0

[Event "V Campeonato de España de Selecciones Au"]
[Site "Tossa de Mar"]
[Date "2010.05.01"]
[Round "4"]
[White "Garro Beraza, Julen"]
[Black "Beltran Ortiz, Edda Georgina"]
[Result "1-0"]
[WhiteElo "1881"]
[BlackElo "1900"]
[PlyCount "69"]
[EventDate "2010.04.29"]
[EventType "team"]
[EventRounds "6"]
[EventCountry "ESP"]
[WhiteTeam "Euskadi"]
[BlackTeam "Galicia"]

1. e4 c5 2. Nf3 e6 3. d3 g6 4. g3 Bg7 5. Bg2 Nc6 6. O-O Nge7 7. Nbd2 d6 8. c3
Rb8 9. a4 O-O 10. Nh4 a6 11. f4 Qc7 12. Bh3 f5 13. Re1 b5 14. axb5 axb5 15.
Nhf3 b4 16. Qc2 bxc3 17. bxc3 Nb4 18. cxb4 Bxa1 19. bxc5 Bg7 20. Ba3 Qa7 21.
Qc1 Ra8 22. Nc4 dxc5 23. exf5 Nxf5 24. Ng5 Nd4 25. Qd1 Qe7 26. Ne4 Rxa3 27.
Nxa3 e5 28. Bxc8 Rxc8 29. fxe5 Qxe5 30. Nc4 Qc7 31. Rf1 Nf5 32. Qb3 Rb8 33. Qa2
Rd8 34. Ncd6+ Kh8 35. Nf7+ 1-0

[Event "V Campeonato de España de Selecciones Au"]
[Site "Tossa de Mar"]
[Date "2010.05.01"]
[Round "4"]
[White "Llaneza Vega, Marcos"]
[Black "Llorente Zaro, Alfonso"]
[Result "1/2-1/2"]
[WhiteElo "2514"]
[BlackElo "2456"]
[PlyCount "27"]
[EventDate "2010.04.29"]
[EventType "team"]
[EventRounds "6"]
[EventCountry "ESP"]
[WhiteTeam "Asturias"]
[BlackTeam "Aragón"]

1. e4 c6 2. d4 d5 3. Nc3 dxe4 4. Nxe4 Bf5 5. Ng3 Bg6 6. h4 h6 7. Nf3 Nd7 8. h5
Bh7 9. Bd3 Bxd3 10. Qxd3 e6 11. Bf4 Qa5+ 12. Bd2 Qc7 13. a4 Ngf6 14. a5 1/2-1/2

[Event "V Campeonato de España de Selecciones Au"]
[Site "Tossa de Mar"]
[Date "2010.05.01"]
[Round "4"]
[White "Forcen Esteban, Daniel"]
[Black "Santos Latasa, Jaime"]
[Result "1-0"]
[WhiteElo "2343"]
[BlackElo "2271"]
[PlyCount "97"]
[EventDate "2010.04.29"]
[EventType "team"]
[EventRounds "6"]
[EventCountry "ESP"]
[WhiteTeam "Aragón"]
[BlackTeam "Asturias"]

1. e4 c5 2. Nf3 d6 3. d4 cxd4 4. Nxd4 Nf6 5. f3 Nc6 6. c4 Nxd4 7. Qxd4 g6 8.
Be3 Bg7 9. Nc3 Be6 10. Rc1 Qa5 11. Qd2 O-O 12. Be2 Rfc8 13. b3 a6 14. O-O b5
15. Nb1 Qxd2 16. Nxd2 b4 17. c5 d5 18. e5 Nd7 19. f4 Nb8 20. Nf3 Bg4 21. Nd4
Bxe2 22. Nxe2 Nc6 23. Nd4 e6 24. Rc2 Nxd4 25. Bxd4 Rc6 26. Kf2 Rac8 27. Ke2 Kf8
28. Kd3 Ke8 29. Be3 Bf8 30. Rfc1 Kd7 31. Kd4 Rb8 32. g4 Be7 33. Bd2 a5 34. f5
Rb5 35. h3 Kc8 36. Bh6 Kd7 37. f6 Bd8 38. h4 Ke8 39. h5 Bc7 40. hxg6 hxg6 41.
Be3 Bb8 42. Rh1 Ba7 43. Kd3 Rb8 44. Rh8+ Kd7 45. Rh7 Ke8 46. Rg7 Rbc8 47. Rh2
Bxc5 48. Bxc5 Rxc5 49. Rh8+ 1-0

[Event "V Campeonato de España de Selecciones Au"]
[Site "Tossa de Mar"]
[Date "2010.05.01"]
[Round "4"]
[White "Marcos Pinto, Luis"]
[Black "Moreno Gracia, Daniel"]
[Result "1/2-1/2"]
[WhiteElo "2186"]
[BlackElo "2317"]
[PlyCount "120"]
[EventDate "2010.04.29"]
[EventType "team"]
[EventRounds "6"]
[EventCountry "ESP"]
[WhiteTeam "Asturias"]
[BlackTeam "Aragón"]

1. e4 c5 2. Nf3 e6 3. d4 cxd4 4. Nxd4 Nc6 5. Nc3 Qc7 6. Be2 a6 7. O-O b5 8. Re1
Bb7 9. Bf3 Bd6 10. Nxc6 dxc6 11. h3 Ne7 12. a4 O-O 13. axb5 cxb5 14. e5 Bb4 15.
Bxb7 Qxb7 16. Qd4 Bxc3 17. Qxc3 Rfc8 18. Qd3 Qd5 19. Qe2 Qc4 20. c3 Qxe2 21.
Rxe2 a5 22. Bg5 Nd5 23. Rd2 h6 24. Bh4 Rc4 25. Bg3 a4 26. Ra3 b4 27. cxb4 Rxb4
28. f3 Nb6 29. Be1 Rb5 30. Rc2 Rxe5 31. Bf2 Rb5 32. Bxb6 Rxb6 33. Rc4 Rxb2 34.
Rcxa4 Rd8 35. Ra8 Rxa8 36. Rxa8+ Kh7 37. Kh2 g5 38. h4 Kg6 39. hxg5 hxg5 40.
Ra5 f5 41. Kg3 Kf6 42. Ra6 f4+ 43. Kh2 Rb8 44. Kg1 Kf5 45. Ra7 e5 46. Rf7+ Kg6
47. Ra7 Kf6 48. Rc7 g4 49. Rc2 Kf5 50. Kf2 g3+ 51. Ke2 Rb1 52. Rd2 Rb5 53. Ke1
e4 54. fxe4+ Kxe4 55. Ke2 Rb1 56. Rd8 Rb2+ 57. Kf1 Rb1+ 58. Ke2 Rb2+ 59. Kf1
Rb5 60. Ke2 Rf5 1/2-1/2

[Event "V Campeonato de España de Selecciones Au"]
[Site "Tossa de Mar"]
[Date "2010.05.01"]
[Round "4"]
[White "Colas Perez, Patricia"]
[Black "Grace Coletes, Angela"]
[Result "1-0"]
[WhiteElo "1765"]
[BlackElo "1750"]
[PlyCount "101"]
[EventDate "2010.04.29"]
[EventType "team"]
[EventRounds "6"]
[EventCountry "ESP"]
[WhiteTeam "Aragón"]
[BlackTeam "Asturias"]

1. c4 e5 2. Nc3 Nf6 3. g3 Be7 4. Bg2 O-O 5. e4 d6 6. Nge2 Nbd7 7. O-O Nc5 8. d3
c6 9. b4 Ne6 10. Rb1 Nc7 11. b5 cxb5 12. Nxb5 Nxb5 13. Rxb5 Qc7 14. Nc3 a6 15.
Rb2 b5 16. Nd5 Nxd5 17. cxd5 Rb8 18. Rc2 Qb7 19. Be3 Bd7 20. f4 b4 21. Qe2 Rfc8
22. Rb2 a5 23. fxe5 dxe5 24. Qh5 Bf6 25. Bh3 Bxh3 26. Qxh3 Qe7 27. Qf5 Rc3 28.
Rd2 Rbc8 29. g4 Rc1 30. Rdf2 Rxf1+ 31. Rxf1 Qe8 32. g5 Be7 33. Qxe5 f6 34. Qe6+
Kh8 35. d6 Bf8 36. Qxe8 Rxe8 37. gxf6 Bxd6 38. f7 Rc8 39. e5 Be7 40. d4 h6 41.
d5 g5 42. d6 Bf8 43. d7 Rd8 44. Rd1 Be7 45. e6 Kg7 46. Bd4+ Kf8 47. Bb6 Ra8 48.
d8=Q+ Bxd8 49. Bxd8 a4 50. e7+ Kxf7 51. Rf1+ 1-0

[Event "V Campeonato de España de Selecciones Au"]
[Site "Tossa de Mar"]
[Date "2010.05.01"]
[Round "4"]
[White "Bolado Saez, Sergio"]
[Black "Huerga Leache, Mikel"]
[Result "0-1"]
[WhiteElo "2335"]
[BlackElo "2446"]
[PlyCount "38"]
[EventDate "2010.04.29"]
[EventType "team"]
[EventRounds "6"]
[EventCountry "ESP"]
[WhiteTeam "Cantabria"]
[BlackTeam "Navarra"]

1. Nf3 d5 2. g3 Bg4 3. Bg2 Nd7 4. d4 e6 5. O-O Bd6 6. Nbd2 Ngf6 7. c4 c6 8. b3
O-O 9. Bb2 Qe7 10. Ne5 Bf5 11. f3 Rfd8 12. e4 dxe4 13. fxe4 Nxe5 14. exf5 Nd3
15. Bc3 e5 16. dxe5 Bxe5 17. Bxe5 Qxe5 18. Qf3 Qd4+ 19. Kh1 Re8 0-1

[Event "V Campeonato de España de Selecciones Au"]
[Site "Tossa de Mar"]
[Date "2010.05.01"]
[Round "4"]
[White "Navarro Cia, Miguel"]
[Black "Perez Lopez, Jesus Maria"]
[Result "1-0"]
[WhiteElo "2326"]
[BlackElo "2266"]
[PlyCount "77"]
[EventDate "2010.04.29"]
[EventType "team"]
[EventRounds "6"]
[EventCountry "ESP"]
[WhiteTeam "Navarra"]
[BlackTeam "Cantabria"]

1. e4 e6 2. d4 d5 3. Nc3 Bb4 4. e5 c5 5. dxc5 Nc6 6. Qg4 Kf8 7. Nf3 Nge7 8. Bd2
Ng6 9. O-O-O Bxc5 10. Qg3 Qc7 11. Re1 Bd7 12. h4 h5 13. Bd3 Nce7 14. Ng5 Kg8
15. Kb1 b5 16. f4 b4 17. Ne2 a6 18. f5 exf5 19. Nxf7 Bf2 20. Qxf2 Kxf7 21. Bxb4
Nxe5 22. Nd4 Rhe8 23. Bxf5 Nxf5 24. Nxf5 Kg8 25. Bd6 Qa7 26. Qxa7 Rxa7 27. Ne7+
Rxe7 28. Bxe7 Ng6 29. Bg5 Bf5 30. Re8+ Kh7 31. g3 Rc7 32. Rh2 Be4 33. Re2 Rc4
34. b3 Rd4 35. Kb2 Bf5 36. Rf2 Bd7 37. Rd8 Be6 38. Rd2 Re4 39. R8xd5 1-0

[Event "V Campeonato de España de Selecciones Au"]
[Site "Tossa de Mar"]
[Date "2010.05.01"]
[Round "4"]
[White "Martin Fuentes, Alberto"]
[Black "Zamarbide Inarrea, Borja"]
[Result "1-0"]
[WhiteElo "2247"]
[BlackElo "2191"]
[PlyCount "67"]
[EventDate "2010.04.29"]
[EventType "team"]
[EventRounds "6"]
[EventCountry "ESP"]
[WhiteTeam "Cantabria"]
[BlackTeam "Navarra"]

1. e4 c5 2. Nc3 a6 3. g3 b5 4. Bg2 Bb7 5. d3 e6 6. f4 d5 7. e5 h5 8. h3 Qb6 9.
Nf3 Nh6 10. Ne2 Nf5 11. O-O Be7 12. c3 d4 13. a4 Nc6 14. axb5 axb5 15. Rxa8+
Bxa8 16. g4 hxg4 17. hxg4 Nh6 18. Nh2 dxc3 19. bxc3 c4+ 20. d4 b4 21. cxb4 Bxb4
22. Be3 O-O 23. Qc1 Na5 24. Bxa8 Rxa8 25. f5 Nb3 26. Qc2 exf5 27. gxf5 Re8 28.
Rf3 Qa6 29. f6 Bf8 30. Rg3 Kh8 31. Bxh6 gxh6 32. Nf3 Rb8 33. Ng5 Qa1+ 34. Kh2
1-0

[Event "V Campeonato de España de Selecciones Au"]
[Site "Tossa de Mar"]
[Date "2010.05.01"]
[Round "4"]
[White "Zamarbide Inarrea, Daniel"]
[Black "Ruiz Marana, Alejandro"]
[Result "1/2-1/2"]
[WhiteElo "2162"]
[BlackElo "2206"]
[PlyCount "22"]
[EventDate "2010.04.29"]
[EventType "team"]
[EventRounds "6"]
[EventCountry "ESP"]
[WhiteTeam "Navarra"]
[BlackTeam "Cantabria"]

1. e4 e6 2. d4 d5 3. Nc3 Nf6 4. Bg5 Bb4 5. e5 h6 6. Bd2 Bxc3 7. Bxc3 Ne4 8. Bd2
c5 9. c3 Nc6 10. Be3 cxd4 11. Bxd4 Bd7 1/2-1/2

[Event "V Campeonato de España de Selecciones Au"]
[Site "Tossa de Mar"]
[Date "2010.05.01"]
[Round "4"]
[White "Mauleon Carranza, Nerea"]
[Black "Calvo Fernandez, Isabel"]
[Result "1-0"]
[WhiteElo "1823"]
[BlackElo "1562"]
[PlyCount "69"]
[EventDate "2010.04.29"]
[EventType "team"]
[EventRounds "6"]
[EventCountry "ESP"]
[WhiteTeam "Navarra"]
[BlackTeam "Cantabria"]

1. e4 c5 2. d3 Nc6 3. g3 e6 4. Bg2 d5 5. Nd2 b5 6. Ngf3 Qc7 7. O-O Nf6 8. Re1
Be7 9. h4 O-O 10. Nf1 Rd8 11. e5 Nd7 12. Bf4 Nb6 13. N1h2 Bd7 14. g4 Nd4 15.
Bg3 Nxf3+ 16. Nxf3 Bc6 17. g5 Rac8 18. Kh2 Be8 19. Rg1 g6 20. Nd2 Bf8 21. Qg4
Bg7 22. Rh1 Bxe5 23. Kg1 Bxg3 24. fxg3 Qe7 25. h5 c4 26. hxg6 fxg6 27. dxc4
dxc4 28. Re1 Bd7 29. Qh4 Rf8 30. a4 Qc5+ 31. Kh2 Nxa4 32. Nf3 Qe7 33. Nd4 Nb6
34. Kg1 Rf7 35. Bh3 {tiempo} 1-0

[Event "V Campeonato de España de Selecciones Au"]
[Site "Tossa de Mar"]
[Date "2010.05.01"]
[Round "4"]
[White "Vila Gazquez, Xavier"]
[Black "Pons Carreras, David"]
[Result "1-0"]
[WhiteElo "2456"]
[BlackElo "2297"]
[PlyCount "101"]
[EventDate "2010.04.29"]
[EventType "team"]
[EventRounds "6"]
[EventCountry "ESP"]
[WhiteTeam "Catalunya B"]
[BlackTeam "Balears"]

1. d4 Nf6 2. Nf3 e6 3. e3 c5 4. Bd3 b6 5. O-O Bb7 6. Nbd2 Be7 7. b3 O-O 8. Bb2
d6 9. c4 Nbd7 10. Rc1 Re8 11. Bb1 Nf8 12. e4 cxd4 13. Nxd4 a6 14. f4 N8d7 15.
N4f3 g6 16. e5 dxe5 17. fxe5 Bc5+ 18. Kh1 Nh5 19. Ne4 Bxe4 20. Bxe4 Ra7 21. Rc2
Be7 22. Rd2 Qc7 23. Bb1 Nb8 24. Qc1 Rd8 25. Rdf2 Nc6 26. Ng5 Bxg5 27. Qxg5 Qe7
28. Qxe7 Rxe7 29. Ba3 Red7 30. Bd6 f6 31. g4 fxe5 32. gxh5 Rxd6 33. hxg6 hxg6
34. Bxg6 Rd1 35. Be4 Ne7 36. Kg2 Rxf1 37. Kxf1 Kg7 38. Ke2 Rd4 39. Ke3 a5 40.
Rd2 Rxd2 41. Kxd2 Kh6 42. Bg2 Kg5 43. Bh3 Kf4 44. Bxe6 e4 45. h4 e3+ 46. Ke1
Nc6 47. h5 Kg5 48. Bf7 Nd4 49. Kf1 Kh6 50. Kg2 Kg5 51. Kg3 1-0

[Event "V Campeonato de España de Selecciones Au"]
[Site "Tossa de Mar"]
[Date "2010.05.01"]
[Round "4"]
[White "Munoz Agullo, Jose Francisco"]
[Black "Lillo Castay, Victor"]
[Result "1/2-1/2"]
[WhiteElo "2274"]
[BlackElo "2300"]
[PlyCount "60"]
[EventDate "2010.04.29"]
[EventType "team"]
[EventRounds "6"]
[EventCountry "ESP"]
[WhiteTeam "Balears"]
[BlackTeam "Catalunya B"]

1. d4 Nf6 2. c4 e6 3. Nc3 Bb4 4. e3 O-O 5. Bd3 d5 6. Nge2 c5 7. a3 cxd4 8. exd4
dxc4 9. Bxc4 Be7 10. O-O Nbd7 11. Bf4 Nb6 12. Bb3 Nbd5 13. Be5 b6 14. Qd3 Bb7
15. Qg3 g6 16. Rfd1 Rc8 17. Qh3 Re8 18. Rd3 Nxc3 19. Nxc3 Nd5 20. Nxd5 Bxd5 21.
Bxd5 exd5 22. Rc3 Rxc3 23. Qxc3 Bf6 24. Re1 Bxe5 25. dxe5 d4 26. Qd3 Qd5 27. f4
f6 28. Qe4 Qxe4 29. Rxe4 fxe5 30. fxe5 Kf7 1/2-1/2

[Event "V Campeonato de España de Selecciones Au"]
[Site "Tossa de Mar"]
[Date "2010.05.01"]
[Round "4"]
[White "Colon Garcia, Enrique"]
[Black "Gaya Llodra, Juan"]
[Result "1-0"]
[WhiteElo "2249"]
[BlackElo "2262"]
[PlyCount "57"]
[EventDate "2010.04.29"]
[EventType "team"]
[EventRounds "6"]
[EventCountry "ESP"]
[WhiteTeam "Catalunya B"]
[BlackTeam "Balears"]

1. e4 e6 2. Nc3 d5 3. Nf3 Nf6 4. e5 Nfd7 5. d4 c5 6. dxc5 Nc6 7. Bf4 Nxc5 8.
Be2 a6 9. O-O b5 10. a3 d4 11. Na2 Na4 12. Bc1 Ra7 13. b3 Nb6 14. Bd3 Nd5 15.
Bb2 Bc5 16. Be4 Rd7 17. Nc1 Bb7 18. Nd3 Ba7 19. Qd2 Nc3 20. Bxc6 Bxc6 21. Nxd4
Rxd4 22. Qxc3 Qd5 23. Ne1 Rg4 24. Qh3 h5 25. Kh1 Rh6 26. f3 Bd4 27. Rd1 Qxe5
28. fxg4 Qe2 29. Qd3 1-0

[Event "V Campeonato de España de Selecciones Au"]
[Site "Tossa de Mar"]
[Date "2010.05.01"]
[Round "4"]
[White "Suarez Roa, Jose Francisco"]
[Black "Sanchez Ibern, Marc"]
[Result "1/2-1/2"]
[WhiteElo "2211"]
[BlackElo "2265"]
[PlyCount "78"]
[EventDate "2010.04.29"]
[EventType "team"]
[EventRounds "6"]
[EventCountry "ESP"]
[WhiteTeam "Balears"]
[BlackTeam "Catalunya B"]

1. e4 c5 2. Nf3 d6 3. d4 cxd4 4. Nxd4 Nf6 5. Nc3 Nc6 6. Bg5 Bd7 7. Qd2 Rc8 8.
Be2 Nxd4 9. Qxd4 Qa5 10. Bxf6 gxf6 11. O-O Rg8 12. Qd2 f5 13. Bd3 Bg7 14. Qg5
h6 15. Qh5 Rc5 16. exf5 Bxf5 17. Bxf5 Rxf5 18. Qh3 Kd8 19. Ne4 Kc7 20. c4 Rh5
21. Qf3 Rf5 22. Qh3 Qe5 23. Rfe1 Rh5 24. Qg3 Qxb2 25. c5 Qe5 26. cxd6+ exd6 27.
Rac1+ Kb8 28. Nxd6 Qxg3 29. hxg3 Rd5 30. Ne4 Re8 31. g4 Ra5 32. Rc2 h5 33. Rec1
a6 34. Nd6 Re6 35. Rc8+ Ka7 36. Rd8 hxg4 37. Nc8+ Ka8 38. Nb6+ Ka7 39. Nc8+ Ka8
1/2-1/2

[Event "V Campeonato de España de Selecciones Au"]
[Site "Tossa de Mar"]
[Date "2010.05.01"]
[Round "4"]
[White "Martinez Ramirez, Erik"]
[Black "Castell Cantero, Salvador"]
[Result "1/2-1/2"]
[WhiteElo "2162"]
[BlackElo "1945"]
[PlyCount "98"]
[EventDate "2010.04.29"]
[EventType "team"]
[EventRounds "6"]
[EventCountry "ESP"]
[WhiteTeam "Catalunya B"]
[BlackTeam "Balears"]

1. e4 e5 2. Nf3 d6 3. d4 exd4 4. Nxd4 Nf6 5. Nc3 Be7 6. Be2 O-O 7. Be3 Nc6 8.
O-O Re8 9. f4 Bf8 10. Bf3 Bd7 11. Nb3 Rb8 12. a3 b5 13. g4 Kh8 14. g5 Ng8 15.
Kh1 f6 16. gxf6 Nxf6 17. Rg1 a5 18. Qd3 Qe7 19. Nd5 Nxd5 20. Qxd5 Nd8 21. Nxa5
Be6 22. Qd2 c5 23. Rad1 b4 24. axb4 Rxb4 25. c3 Rb5 26. b4 cxb4 27. cxb4 Bf5
28. e5 dxe5 29. Bc5 Qf7 30. Bxf8 Qxf8 31. Nc6 e4 32. Qxd8 exf3 33. Rge1 Rxe1+
34. Rxe1 Qxd8 35. Nxd8 g6 36. Nf7+ Kg7 37. Nd6 Rxb4 38. Nxf5+ gxf5 39. Kg1 Rxf4
40. Kf2 Re4 41. Ra1 Re2+ 42. Kxf3 Rxh2 43. Kg3 Rc2 44. Kf4 Rc5 45. Ra6 h6 46.
Rb6 Ra5 47. Rc6 Rd5 48. Rb6 Ra5 49. Rc6 Rb5 1/2-1/2

[Event "V Campeonato de España de Selecciones Au"]
[Site "Tossa de Mar"]
[Date "2010.05.01"]
[Round "4"]
[White "Gallardo Pina, Neus"]
[Black "Marin Benito, Carla"]
[Result "1-0"]
[WhiteElo "1808"]
[BlackElo "1812"]
[PlyCount "88"]
[EventDate "2010.04.29"]
[EventType "team"]
[EventRounds "6"]
[EventCountry "ESP"]
[WhiteTeam "Balears"]
[BlackTeam "Catalunya B"]

1. f4 d5 2. b3 Nf6 3. Bb2 c5 4. Nf3 Nc6 5. e3 Bg4 6. Bb5 Qc8 7. d3 e6 8. Nbd2
Be7 9. h3 Bxf3 10. Nxf3 a6 11. Bxc6+ Qxc6 12. O-O O-O 13. Ne5 Qc7 14. Rf3 Nd7
15. Rg3 Nf6 16. Ng4 Kh8 17. Qf3 Nh5 18. h4 Nxg3 19. Qxg3 Qd8 20. h5 d4 21. h6
Bf6 22. hxg7+ Bxg7 23. Kf1 Rg8 24. Qh3 dxe3 25. Ne5 Bxe5 26. Bxe5+ f6 27. Bb2
Qe7 28. Ke2 Rg7 29. g4 Kg8 30. g5 Rg6 31. Bxf6 Qf7 32. Qxe3 Rc8 33. Kd2 b6 34.
Re1 Rc6 35. Qe5 Qd7 36. Qb8+ Qc8 37. Qe5 Kf7 38. Qe4 Rc7 39. Qe5 Rg8 40. Rh1
Ke8 41. Qe4 Rg6 42. f5 Rxf6 43. gxf6 Rf7 44. Rh6 Kd8 1-0

[Event "V Campeonato de España de Selecciones Au"]
[Site "Tossa de Mar"]
[Date "2010.05.01"]
[Round "5"]
[White "Illescas Cordoba, Miguel"]
[Black "Llorente Zaro, Alfonso"]
[Result "1-0"]
[WhiteElo "2604"]
[BlackElo "2456"]
[PlyCount "101"]
[EventDate "2010.04.29"]
[EventType "team"]
[EventRounds "6"]
[EventCountry "ESP"]
[WhiteTeam "Catalunya A"]
[BlackTeam "Aragón"]

1. c4 e5 2. Nc3 Nf6 3. Nf3 Nc6 4. g3 Nd4 5. Bg2 Bb4 6. Qc2 O-O 7. a3 Bxc3 8.
Qxc3 Nxf3+ 9. Bxf3 Re8 10. b4 c6 11. d4 e4 12. Bg2 d5 13. c5 Bf5 14. h3 a5 15.
g4 Bg6 16. Bf4 h5 17. g5 Nh7 18. h4 Bf5 19. O-O Nf8 20. Qg3 Qd7 21. e3 Ng6 22.
Rfb1 Nxf4 23. Qxf4 axb4 24. axb4 Bh3 25. Qg3 Bxg2 26. Kxg2 Kh7 27. Qh3 Qxh3+
28. Kxh3 Ra6 29. Kg3 Kg6 30. Rxa6 bxa6 31. Ra1 Ra8 32. Kf4 f6 33. gxf6 Kxf6 34.
Ra2 g6 35. Ra3 Ke6 36. Kg5 Kf7 37. Ra2 Ra7 38. f4 exf3 39. Rf2 Kg7 40. Rxf3 Rf7
41. Rf4 Re7 42. Rf6 Rxe3 43. Rxg6+ Kf7 44. Rxc6 Rb3 45. Rb6 Ke7 46. Kxh5 Rd3
47. Rxa6 Rxd4 48. b5 Rb4 49. b6 Kd7 50. b7 Kc7 51. c6 1-0